ბათუმის შოთა რუსთაველის სახელმწიფო უნივერსიტეტის ბიბლიოთეკა

The handbook of international trade : (ბიბ.ჩანაწერი № 57807)

000 -LEADER
fixed length control field 01388cam a22002774a 4500
001 - CONTROL NUMBER
control field 13444134
005 - DATE AND TIME OF LATEST TRANSACTION
control field 20201209124519.0
008 - FIXED-LENGTH DATA ELEMENTS--GENERAL INFORMATION
fixed length control field 031224s2008 enka b 001 0 eng
020 ## - INTERNATIONAL STANDARD BOOK NUMBER
International Standard Book Number 9781846730344
080 ## - UNIVERSAL DECIMAL CLASSIFICATION NUMBER
Universal Decimal Classification number 339.1(075.8) T-44
245 04 - TITLE STATEMENT
Title The handbook of international trade :
Remainder of title a guide to the principles and practice of export /
Statement of responsibility, etc. consultant editors, Jim Sherlock & Jonathan Reuvid.
250 ## - EDITION STATEMENT
Edition statement second edition
264 ## - PRODUCTION, PUBLICATION, DISTRIBUTION, MANUFACTURE, AND COPYRIGHT NOTICE
Place of production, publication, distribution, manufacture London :
Name of producer, publisher, distributor, manufacturer GMB Publishing Limited,
Date of production, publication, distribution, manufacture, or copyright notice 2008.
300 ## - PHYSICAL DESCRIPTION
Extent 402 p. :
Other physical details ill. ;
Dimensions 24 cm.
650 #0 - SUBJECT ADDED ENTRY--TOPICAL TERM
Topical term or geographic name entry element Export marketing
Geographic subdivision Great Britain
Form subdivision Handbooks, manuals, etc.
9 (RLIN) 9890
650 #0 - SUBJECT ADDED ENTRY--TOPICAL TERM
Topical term or geographic name entry element Export marketing
Form subdivision Handbooks, manuals, etc.
9 (RLIN) 9891
653 ## - INDEX TERM--UNCONTROLLED
keyword ექსპორტის მარკეტინგი
653 ## - INDEX TERM--UNCONTROLLED
keyword ეკონომიკა
700 1# - ADDED ENTRY--PERSONAL NAME
Personal name Sherlock, Jim.
Relator term რედაქტორი
9 (RLIN) 9892
700 1# - ADDED ENTRY--PERSONAL NAME
Personal name Reuvid, Jonathan.
Relator term რედაქტორი
9 (RLIN) 9893
856 41 - ELECTRONIC LOCATION AND ACCESS
Materials specified Table of contents
Uniform Resource Identifier http://www.loc.gov/catdir/toc/ecip0412/2003028086.html
856 42 - ELECTRONIC LOCATION AND ACCESS
Materials specified Publisher description
Uniform Resource Identifier http://www.loc.gov/catdir/enhancements/fy0715/2003028086-d.html
856 42 - ELECTRONIC LOCATION AND ACCESS
Materials specified Contributor biographical information
Uniform Resource Identifier http://www.loc.gov/catdir/enhancements/fy0912/2003028086-b.html
942 ## - ADDED ENTRY ELEMENTS (KOHA)
Source of classification or shelving scheme
Koha item type წიგნი
ეგზემპლარები
Withdrawn status Lost status Source of classification or shelving scheme Damaged status Not for loan Permanent Location Current Location Shelving location Date acquired Cost, normal purchase price Full call number Barcode Date last seen Copy number Price effective from Koha item type Public note
          ბათუმის შოთა რუსთაველის სახელმწიფო უნივერსიტეტის მთავარი ბიბლიოთეკა ბათუმის შოთა რუსთაველის სახელმწიფო უნივერსიტეტის მთავარი ბიბლიოთეკა წიგნსაცავი 2020-12-09 144.15 339.1(075.8) T-44 61155 2020-12-09 61155 2020-12-09 წიგნი 144 ლ. 15 თ.